Sports Quiz

Random Sports or Football Quiz
Score 0/19 Timer 05:00
0 Plays Today
This includes all teams who have partici % Correct
South Melbourne
94.9%
Collingwood
94.4%
Carlton
92.6%
Adelaide
92%
Western Bulldogs
91.8%
Melbourne
91.5%
North Melbourne
91.3%
Geelong
90.5%
Fremantle
90.2%
West Coast
90.2%
This includes all teams who have partici % Correct
Richmond
89.3%
Essendon
89.1%
Port Adelaide
89.1%
Fitzroy
88.3%
Hawthorn
87.7%
St. Kilda
86.9%
Brisbane Lions
76.1%
University
71.3%
Brisbane Bears
69.7%
Remove Ads.
Support Sporcle.
Get the best of Sporcle when you Go Orange. This ad-free experience offers more features, more stats, and more fun while also helping to support Sporcle. Thank you for becoming a member.

You're not logged in!

Compare scores with friends on all Sporcle quizzes.
OR
Log In

Show Comments

Extras

Top Quizzes Today


Score Distribution

Your Account Isn't Verified!

In order to create a playlist on Sporcle, you need to verify the email address you used during registration. Go to your Sporcle Settings to finish the process.

Report this User

Report this user for behavior that violates our Community Guidelines.

Details: